| Tag |
First Indicator |
Second Indicator |
Subfields |
| LEADER |
00000cam a2200000 i 4500 |
| 001 |
in00003425821 |
| 005 |
20140116125404.0 |
| 008 |
130502s2014 nyu b 001 0 eng |
| 010 |
|
|
|a 2013016393
|
| 035 |
|
|
|a (OCoLC)ocn842330056
|
| 040 |
|
|
|a DLC
|e rda
|c DLC
|
| 020 |
|
|
|a 9780415857826 (alk. paper)
|
| 020 |
|
|
|a 0415857821 (alk. paper)
|
| 020 |
|
|
|z 9781315887418 (ebk.)
|
| 050 |
0 |
0 |
|a TJ808
|b .L44 2014
|
| 082 |
0 |
0 |
|a 333.79/4
|2 23
|
| 049 |
|
|
|a TXAM
|
| 100 |
1 |
|
|a Leggett, Jeremy K.
|
| 245 |
1 |
4 |
|a The energy of nations :
|b risk blindness and the road to renaissance /
|c Jeremy Leggett.
|
| 250 |
|
|
|a First edition.
|
| 264 |
|
1 |
|a New York :
|b Earthscan/Routledge,
|c 2014.
|
| 300 |
|
|
|a xv, 252 pages ;
|c 20 cm.
|
| 336 |
|
|
|a text
|b txt
|2 rdacontent
|
| 337 |
|
|
|a unmediated
|b n
|2 rdamedia
|
| 338 |
|
|
|a volume
|b nc
|2 rdacarrier
|
| 504 |
|
|
|a Includes bibliographical references and index.
|
| 650 |
|
0 |
|a Renewable energy sources
|x Social aspects.
|
| 650 |
|
0 |
|a Energy development
|x Social aspects.
|
| 650 |
|
0 |
|a Energy consumption
|x Social aspects.
|
| 650 |
|
0 |
|a Petroleum reserves.
|
| 945 |
|
|
|a PromptCat
|b 591459
|
| 946 |
|
|
|a stk
|
| 947 |
|
|
|a A14839894548
|
| 948 |
|
|
|a cataloged
|b h
|c 2014/1/16
|d c
|e dmitchel
|f 12:50:40 pm
|
| 994 |
|
|
|a 92
|b TXA
|
| 999 |
f |
f |
|s a4e3de07-292f-3f2f-bb2b-5b4cf70fd153
|i 48ad1232-eccd-3bff-8c6a-4f08d2e88043
|t 0
|
| 952 |
f |
f |
|p normal
|a Texas A&M University
|b College Station
|c Sterling C. Evans Library
|s Evans stk
|d Evans: Library Stacks
|t 0
|e TJ808 .L44 2014
|h Library of Congress classification
|i unmediated -- volume
|m A14839894548
|
| 998 |
f |
f |
|a TJ808 .L44 2014
|t 0
|l Evans: Library Stacks
|